000 00336nam a22001453 4500
001 206759
005 20250610124426.0
090 _a206759
100 _a20250610 ukry50
101 _aukr
102 _aUA
200 _a
210 _d2025
801 _2unimarc
_aUA
_gpsbo
942 _cNEWSPAPER